Identificación de oportunidades de mercado de servicios educativos no profesionalizantes para el segmento de mujeres profesionistas de clase socioeconómica C y C+ en el municipio de Zapopan, Jalisco /

Uloženo v:
Podrobná bibliografie
Hlavní autor: Lepe Navarro, Sofía Guadalupe (autor)
Médium: Diplomová práce Kniha
Jazyk:španělština
Vydáno: Guadalajara, México : edición de autor, 2006
Témata:
Tagy: Přidat tag
Žádné tagy, Buďte první, kdo vytvoří štítek k tomuto záznamu!

MARC

LEADER 00000nam^a2200000^a^4500
001 000187935
005 20250521000000.0
009 20260310102321.05
037 |a Acervo ITESO - Biblioteca 
041 |a ESP 
090 |a MKT. 19 
100 |a Lepe Navarro, Sofía Guadalupe  |e (autor) 
240 1 1 |a [Identificación de oportunidades de mercado de servicios educativos no profesionalizantes para el segmento de mujeres profesionistas de clase socioeconómica C y C+ en el municipio de Zapopan, Jalisco] 
245 1 0 |a Identificación de oportunidades de mercado de servicios educativos no profesionalizantes para el segmento de mujeres profesionistas de clase socioeconómica C y C+ en el municipio de Zapopan, Jalisco /  |c S.G. Lepe Navarro. 
264 1 |a Guadalajara, México :  |b edición de autor,  |c 2006 
300 |a 1 disco compacto de computadora 
336 |a datos para computadora  |b cod  |2 rdacontenido 
337 |a computadora  |b c  |2 rdamedio 
338 |a disco de computadora  |b cd  |2 rdasoporte 
502 |a ITESO Tesis de Maestría en Mercadotecnia Global 
530 |a Existe una edición en formato digital en línea con el mismo título 
649 |a XX 
650 |a Mujeres -  |z Zapopan, Jalisco  |x Condiciones Económicas -  |x Tema Principal 
650 |a Mujeres -  |z Jalisco -  |x Condiciones Económicas 
650 |a Mujeres -  |z México -  |x Condiciones Económicas 
650 |a Profesionistas -  |z Zapopan, Jalisco -  |x Condiciones Económicas 
650 |a Profesionistas -  |z Jalisco -  |x Condiciones Económicas 
650 |a Profesionistas -  |z México -  |x Condiciones Económicas 
650 |a Desarrollo Profesional 
650 |a Segmentación del Mercado 
650 |a Investigación de Mercado 
650 |a Mercadotecnia de Servicios 
650 |a Mercadotecnia 
650 |a Administración Educativa 
650 |a Educación No Formal e Informal -  |z Zapopan, Jalisco 
650 |a Educación No Formal e Informal -  |z Jalisco 
650 |a Educación No Formal e Informal -  |z México 
650 |a Educación de Adultos -  |z Zapopan, Jalisco 
650 |a Educación de Adultos -  |z Jalisco 
650 |a Educación de Adultos -  |z México 
650 |a Ciencias Administrativas 
910 |a Fondo General 
920 |a Electrónicos - Tesis del ITESO en Disco 
905 |a 202 
901 |a 0500130536  |b IT2  |c STS  |u 20250521 
902 |a https://opac.biblio.iteso.mx/vufind/Record/000187935